|
|
|
|
| LEADER |
00000nam a2200000 a 4500 |
| 001 |
vtls010572335 |
| 003 |
SK-MaSNL |
| 005 |
20260301133613.0 |
| 008 |
240314s1957 xo a 000 0 slo |
| 015 |
|
|
|a SNBA1957
|
| 040 |
|
|
|a SNK
|b slo
|c SNK
|e AACR2
|
| 041 |
0 |
|
|a slo
|
| 044 |
|
|
|a xo
|c SK
|
| 080 |
|
|
|a 621.923.76
|2 1981
|
| 100 |
1 |
|
|a Slyško, Pavel,
|d 1930-
|4 aut
|9 48497
|
| 245 |
1 |
0 |
|a Chemické leštenie metalografických výbrusov
|n časť 2
|c Pavol Slyško
|
| 260 |
|
|
|a Bratislava
|b Dom techniky pri SOR
|c 1957
|
| 300 |
|
|
|a 15, [7] s. obr. príl.
|b ilustr.
|c 8°
|
| 650 |
0 |
7 |
|a metalografické výbrusy
|2 SNK
|9 486273
|
| 650 |
0 |
7 |
|a chemické leštenie
|2 SNK
|9 486274
|
| 650 |
0 |
7 |
|a technológia
|2 SNK
|9 66619
|
| 655 |
|
7 |
|a príručky
|2 SNKPH
|9 74364
|
| 958 |
|
|
|a OND
|
| 999 |
|
|
|c 754148
|d 756078
|
| 952 |
|
|
|a SNK
|b SNK
|y PREZ
|7 0
|p 17A0925835
|o snkSB 25364/2
|i snkD 744/82
|8 1
|0 0
|1 0
|4 0
|d 2014-01-28
|f 1
|l 0
|r 2025-03-27 00:00:00
|w 2026-02-23
|